000 03274nam0a2200361 4500
001 RU\NLR\BIBL_A\022591021
005 20251124160614.0
010 _a978-5-7281-3507-4
_9300
021 _aRU
_bКН-П-25-031629
_9КН-П-25-3130
035 _a(NLR Aleph) 022591021
090 _a13469660
_c13469660
100 _a20250724d2025 k y0rusy50 ca
101 0 _arus
102 _aRU
105 _aa z 100yy
181 0 _ai3
_baxxe
182 0 _an
200 1 _aФормирование отечественной научной школы документоведения: имена и идеи
_eсборник статей по материалам всероссийской научно-исследовательской конференции с международным участием, Москва, РГГУ, 20 ноября 2024 г.
_eк 95-летию Историко-архивного института
_fМинистерство науки и высшего образования Российской Федерации, Федеральное государственное автономное образовательное учреждение "Российский государственный гуманитарный университет", Историко-архивный институт, Факультет архивоведения и документоведения, Кафедра автоматизированных систем документационного обеспечения управления
_gсоставитель: Н. Г. Суровцева
203 _aТекст
_bвизуальный
_cнепосредственный
210 _aМосква
_cИздательский центр Российского государственного гуманитарного университета
_d2025
215 _a257 с.
_cил., табл.
_d20
320 _aБиблиогр. в конце ст. и в подстроч. примеч.
606 1 _aДокументоведение
_yРоссийская Федерация
_jСъезды, совещания и т.п
_2nlr_sh2
_3RU\NLR\AUTH\661449372
606 1 _aДокументоведение
_yСССР
_jСъезды, совещания и т.п
_2nlr_sh2
_3RU\NLR\AUTH\6601762056
686 1 _aЧ735.272я431
702 1 _aСуровцева
_bН. Г.
_gНаталия Геннадиевна
_4220
711 1 2 _a"Формирование отечественной научной школы документоведения: имена и идеи", всероссийская научно-исследовательская конференция с международным участием
_f2024
_eМосква
_3RU\NLR\AUTH\880630138
712 0 2 _aРоссийский государственный гуманитарный университет
_bИсторико-архивный институт
_bКафедра автоматизированных систем документационного обеспечения управления
_3RU\NLR\AUTH\880556151
_4557
942 _cBOOK
980 _aNB